| 000 | 00331nam a22001337a 4500 | ||
|---|---|---|---|
| 020 | _a0-7214-0-0907 | ||
| 082 |
_a823 _bAWD/T |
||
| 100 | _aAWDRY, W | ||
| 245 |
_aTOBY & THE STOUT GENTLEMAN _bTHOMAS THE TANK ENGINE & FRIENDS |
||
| 260 |
_aENGLAND _bLADY BIRD |
||
| 300 | _a43 | ||
| 650 |
_aENGLISH SHORT STORY _zENGLAND |
||
| 942 | _cBK | ||
| 999 |
_c2184 _d2184 |
||